Vývoj webového nástroja pre spracovanie a analýzu výročných správ
Uložené v:
| Hlavný autor: | |
|---|---|
| Ďalší autori: | |
| Médium: | Rukopis Kniha |
| Jazyk: | Slovak |
| Vydavateľské údaje: |
Bratislava :
STU v Bratislave FEI,
2025
|
| Predmet: | |
| On-line prístup: | https://opac.crzp.sk/?fn=detailBiblioFormChildWM51A&sid=8D80AD18777FCC7F65B4B04DC29E&seo=CRZP-detail-kniha |
| Tagy: |
Žiadne tagy, Buďte prvý, kto otaguje tento záznam!
|
MARC
| LEADER | 00000ntm a22000003a 4500 | ||
|---|---|---|---|
| 001 | stuzp102097 | ||
| 003 | SK-STU | ||
| 005 | 20251113133824.9 | ||
| 007 | ta | ||
| 008 | 150427s2015----xo-----f-mn---000-0-slo-d | ||
| 040 | |a STU |b slo | ||
| 041 | 0 | |a slo | |
| 044 | |a xo | ||
| 100 | 1 | |a Pavuk, Tomáš |u 035000 |4 aut |U FEI Fakulta elektrotechniky a informatiky |T FEI Ústav informatiky a matematiky |X 120467 |U E050 |Y 816 |7 120467 | |
| 242 | 0 | 1 | |a Development of a Web Tool for Processing and Analyzing Annual Reports |y eng |
| 245 | 1 | 0 | |a Vývoj webového nástroja pre spracovanie a analýzu výročných správ |
| 260 | |a Bratislava : |b STU v Bratislave FEI, |c 2025 | ||
| 300 | |a 64 s. | ||
| 650 | 4 | |a návrh a vývoj |2 slo | |
| 650 | 4 | |a vizualizácia dát |2 slo | |
| 650 | 4 | |a kontajnerizácia |2 slo | |
| 650 | 4 | |a výročné správy |2 slo | |
| 650 | 4 | |a webový nástroj |2 slo | |
| 650 | 4 | |a web based too |2 eng | |
| 650 | 4 | |a containerization |2 eng | |
| 650 | 4 | |a design and development |2 eng | |
| 650 | 4 | |a annual reports |2 eng | |
| 650 | 4 | |a data visualization |2 eng | |
| 700 | 1 | |a Sopiak, Dominik |u 030510 |k Z8 |4 ths |U FEI Fakulta elektrotechniky a informatiky |T FEI INOLab - Centrum pre inovácie a kybernetickú bezpečnosť |X 64721 |U 030510 |Y 846 |7 A000064721 | |
| 856 | 4 | |u https://opac.crzp.sk/?fn=detailBiblioFormChildWM51A&sid=8D80AD18777FCC7F65B4B04DC29E&seo=CRZP-detail-kniha | |